| 000 | 01660nam2a2200265 4500 | ||
|---|---|---|---|
| 001 | RU\NLR\BIBL_A\010740731 | ||
| 005 | 20250614092844.0 | ||
| 010 |
_a978-5-8336-0801-2 _9200 |
||
| 021 |
_aRU _b2015-19440 _91160 |
||
| 035 | _a(NLR Aleph) 010740731 | ||
| 090 |
_a9901969 _c9901969 |
||
| 100 | _a20150427d2014 |||y0rusy50 ca | ||
| 101 | 0 | _arus | |
| 102 | _aRU | ||
| 105 | _aa z 100yy | ||
| 200 | 0 |
_aВып.10 _eматериалы Всероссийской научной конференции с международным участием, 28-30 апреля 2014 г. _f[редкол.: Чопикашвили Л.В., д.б.н., проф. (отв. ред.) и др.] |
|
| 210 |
_d2014 _aБ. м. |
||
| 215 |
_a280 с. _cил. |
||
| 320 | _aБиблиогр. в конце ст. | ||
| 461 | 0 |
_1001RU\NLR\bibl\2058729 _12000#$aАктуальные проблемы экологии и сохранения биоразнообразия России и сопредельных стран$eматериалы научно-практической конференции$vВып. 10 _94616647 _cВладикавказ _d2012 _f[редкол.: Николаев И.А., к.б.н., (отв. ред.) и др.] _nИзд-во СОГУ _oматериалы научно-практической конференции _tАктуальные проблемы экологии и сохранения биоразнообразия России и сопредельных стран _vВып. 10 |
|
| 702 | 1 |
_aЧопикашвили _bЛ. В. _gЛидия Васильевна _4340 |
|
| 942 | _cBOOK | ||
| 980 | _aNB | ||